000 00466nam a22001937a 4500
003 MPLRDC
005 20220104143634.0
008 210129b ||||| |||| 00| 0 eng d
020 _a957-480-003-2
082 _a177.1 YQTZ
100 _a岩泉拓哉
245 _a如何让你不被拒绝
_c李玉达 译
250 _a初版
260 _a
_b台湾实业
_c1999
300 _b
490 _aTOP. 4
650 _a沟通心理学
942 _cBK
_o177.1 YQTZ
999 _c41886
_d41876